Vi nâÌm duÌ€ng trong công nghêÌ£ sinh hoÌ£c
GiơÌi thiêÌ£u kiêÌn thưÌc vêÌ€ vi sinh vâÌ£t vaÌ€ công nghêÌ£ sinh hoÌ£c phuÌ£c vuÌ£ viêÌ£c đaÌ€o taÌ£o trong vaÌ€ trên đaÌ£i hoÌ£c ở caÌc trươÌ€ng chuyên ngaÌ€nh vi sinh vâÌ£t, laÌ€m taÌ€i liêÌ£u tham khảo đôÌi vơÌi caÌc caÌn bôÌ£ giả...
में बचाया:
| मुख्य लेखक: | |
|---|---|
| अन्य लेखक: | |
| स्वरूप: | पुस्तक |
| भाषा: | Undetermined |
| प्रकाशित: |
H.
Khoa hoÌ£c vaÌ€ kỹ thuâÌ£t
2000
|
| विषय: | |
| ऑनलाइन पहुंच: | http://lrc.tdmu.edu.vn/opac/search/detail.asp?aID=2&ID=6971 |
| टैग : |
टैग जोड़ें
कोई टैग नहीं, इस रिकॉर्ड को टैग करने वाले पहले व्यक्ति बनें!
|
| Thư viện lưu trữ: | Trung tâm Học liệu Trường Đại học Thủ Dầu Một |
|---|
| LEADER | 01401nam a2200217Ia 4500 | ||
|---|---|---|---|
| 001 | TDMU_6971 | ||
| 008 | 210410s9999 xx 000 0 und d | ||
| 082 | |a 579 | ||
| 090 | |b B534 | ||
| 100 | |a BuÌ€i, Xuân ĐôÌ€ng | ||
| 245 | 0 | |a Vi nâÌm duÌ€ng trong công nghêÌ£ sinh hoÌ£c | |
| 245 | 0 | |c BuÌ€i Xuân ĐôÌ€ng, Nguyễn Huy Văn | |
| 260 | |a H. | ||
| 260 | |b Khoa hoÌ£c vaÌ€ kỹ thuâÌ£t | ||
| 260 | |c 2000 | ||
| 300 | |a 201tr. | ||
| 520 | |a GiơÌi thiêÌ£u kiêÌn thưÌc vêÌ€ vi sinh vâÌ£t vaÌ€ công nghêÌ£ sinh hoÌ£c phuÌ£c vuÌ£ viêÌ£c đaÌ€o taÌ£o trong vaÌ€ trên đaÌ£i hoÌ£c ở caÌc trươÌ€ng chuyên ngaÌ€nh vi sinh vâÌ£t, laÌ€m taÌ€i liêÌ£u tham khảo đôÌi vơÌi caÌc caÌn bôÌ£ giảng daÌ£y, nghiên cưÌu sinh hoÌ£c, công nghêÌ£ sinh hoÌ£c vaÌ€ những ngươÌ€i công taÌc chuyên môn liên quan | ||
| 650 | |a Vi nâÌm trong công nghêÌ£ sinh hoÌ£c; Sinh hoÌ£c; Vi nâÌm; Vi sinh vâÌ£t; Công nghêÌ£ sinh hoÌ£c | ||
| 700 | |a Nguyễn, Huy Văn | ||
| 856 | |u http://lrc.tdmu.edu.vn/opac/search/detail.asp?aID=2&ID=6971 | ||
| 980 | |a Trung tâm Học liệu Trường Đại học Thủ Dầu Một | ||